| 000 | 00587nam a2200229 a 4500 | ||
|---|---|---|---|
| 001 | 14074 | ||
| 003 | BD-JhCC | ||
| 005 | 20240915092825.0 | ||
| 008 | 230720s2008 n a|||| ||a| 001 0 eng d | ||
| 020 | _a9781402745737 | ||
| 035 | _a(BD-JhCC)14074 | ||
| 040 |
_aBD-JhCC _dBD-JhCC |
||
| 041 | _aenglish | ||
| 082 |
_a 398.22 _bWOO 2008 |
||
| 100 | _a Woodside,Martin | ||
| 245 |
_aArabian Nights / _cMartin Woodside. |
||
| 260 |
_aNew York : _bSterling Children's Books; _c2008. |
||
| 300 |
_a156 p. : _bill; _c20 cm. |
||
| 650 | _zArabian Nights | ||
| 942 |
_2ddc _cBK |
||
| 999 |
_c14074 _d14074 |
||